Living with capitalism : class relations and the modern factory (Record no. 49408)

MARC details
000 -LEADER
fixed length control field 00807nam a2200229 a 4500
008 - FIXED-LENGTH DATA ELEMENTS--GENERAL INFORMATION
fixed length control field 060316s1977 ||||||||||||||||| || u
020 ## - INTERNATIONAL STANDARD BOOK NUMBER
International Standard Book Number 071008594X
020 ## - INTERNATIONAL STANDARD BOOK NUMBER
International Standard Book Number 0710085958
050 ## - LIBRARY OF CONGRESS CALL NUMBER
Classification number HD 6957 Nic
100 ## - MAIN ENTRY--PERSONAL NAME
Personal name Nicholas, Theo
245 10 - TITLE STATEMENT
Title Living with capitalism : class relations and the modern factory
260 ## - PUBLICATION, DISTRIBUTION, ETC.
Place of publication, distribution, etc. London :
Name of publisher, distributor, etc. Routledge and Kegan Paul
Date of publication, distribution, etc. 1977
300 ## - PHYSICAL DESCRIPTION
Extent xvi, 204 p.
350 ## - PRICE (NR) (BK AM CF MU VM SE) [OBSOLETE]
Price 0.00
500 ## - GENERAL NOTE
General note Includes bibliographical references.
650 ## - SUBJECT ADDED ENTRY--TOPICAL TERM
Topical term or geographic name entry element CAPITALISM
650 ## - SUBJECT ADDED ENTRY--TOPICAL TERM
Topical term or geographic name entry element INDUSTRY
650 ## - SUBJECT ADDED ENTRY--TOPICAL TERM
Topical term or geographic name entry element CAPITALISM--SOCIAL ASPECTS
650 ## - SUBJECT ADDED ENTRY--TOPICAL TERM
Topical term or geographic name entry element CHEMICAL WORKERS--GREAT BRITAIN--CASE STUDIES
700 ## - ADDED ENTRY--PERSONAL NAME
Personal name Beynon, Huw
995 ## - RECOMMENDATION 995 [LOCAL, UNIMARC FRANCE]
-- 0.00
-- CBU-MAIN LIBRARY (Kitwe)
-- 1
-- 5.95
-- 1
-- AVAILABLE
-- Main Library Open Access Collection
Holdings
Withdrawn status Lost status Source of classification or shelving scheme Damaged status Not for loan Home library Current library Shelving location Date acquired Total Checkouts Full call number Barcode Date last seen Price effective from Koha item type
          CBU-MAIN LIBRARY, KITWE. CBU-MAIN LIBRARY, KITWE.   11/30/2022   HD 6957 Nic 003642 11/30/2022 11/30/2022 MONOGRAPH